008210000a22001930004500090001400000245010000014650002200114650002900136650003100165651003500196653005000231041001300281700002900294100002500323942001300348773006800361999001700429952018100446 aARb0238910aFactors affecting growth and maturation of spiny lobsters, Panulirus argus, in the Florida keys14aCrustaceos99594114aDesarrollo animal99482014aEcosistemas marinos993451 4dFloridapEstados Unidos992749 gPanulirusePanulirus argusvLangosta espinosa0 aInglés1 aLyons, William G.9959421 aHunt, John H.995943 cARTICULO1 tCanadian Journal Aquatic Sciences3636h11q2243-2247d1986g43 c11460d11460 001040718HEMEROTECAaBogotabBogotad2015-02-27eFerreira Miani, PaolahFuera de circulaciónl0oAR 02389p012798r2015-03-25 00:00:00t1w2015-03-25xDonaciónyARTICULO